Online Catalogue and eLibrary

Sri Lankan Mosaic: (Record no. 1463)

MARC details
000 -LEADER
fixed length control field 00501nam a2200193Ia 4500
005 - DATE AND TIME OF LATEST TRANSACTION
control field 20250130005653.0
008 - FIXED-LENGTH DATA ELEMENTS--GENERAL INFORMATION
fixed length control field 240331s9999 xx 000 0 und d
082 ## - DDC Classification
Item Number - Author Mark SWA
DDC Edition Number 1524
Class No. 304.2
100 ## - MAIN ENTRY--PERSONAL NAME
Personal name Swan, B
245 #0 - TITLE STATEMENT
Title Sri Lankan Mosaic:
Remainder of title Environment, Man, Continuity and Change
260 ## - PUBLICATION, DISTRIBUTION, ETC.
Place of publication, distribution, etc. Colombo
Name of publisher, distributor, etc. Marga Institute
Date of publication, distribution, etc. 1987
300 ## - PHYSICAL DESCRIPTION
Extent (e.g. Volumes, Pages etc.) 435, xxxvi p.,
650 ## - SUBJECT ADDED ENTRY--TOPICAL TERM
Topical term or geographic name entry element Environment
650 ## - SUBJECT ADDED ENTRY--TOPICAL TERM
Topical term or geographic name entry element History
650 ## - SUBJECT ADDED ENTRY--TOPICAL TERM
Topical term or geographic name entry element Culture
650 ## - SUBJECT ADDED ENTRY--TOPICAL TERM
Topical term or geographic name entry element Economic Development
650 ## - SUBJECT ADDED ENTRY--TOPICAL TERM
Topical term or geographic name entry element Tourism
942 ## - Koha item type (Biblio)
Koha item type Books in Stacks (Lending)
Holdings
Lost status Damaged status Collection code Home library Current library Shelving location Date acquired Full call number Accession Number Item type
    Lending WERC Library WERC Library Social Science Cupboard 03/31/2024 304.26 SWA 1524 Books in Stacks (Lending)

© WERC Library